| 000 | 00640nam 22002053 4500 | ||
|---|---|---|---|
| 001 | 198451 | ||
| 010 | _a972-9310-86-6 | ||
| 021 | _b53246/92 | ||
| 090 | _a198451 | ||
| 100 | _a20251016d u||y0pory50 ba | ||
| 200 |
_aAs Aventuras do Rei Artur _fAngela Wilkes _gilustrado por Peter Dennis _gtraduzido por José Reis |
||
| 210 |
_aMem Martins _cResomnia Editores _d1992 |
||
| 215 |
_a31, [3] p. _cencadernado _d21 cm |
||
| 225 | _aHistórias e Lendas Infantis | ||
| 606 |
_952 _aLiteratura Juvenil Inglesa |
||
| 675 |
_a821.111-93 _vPT _zpor |
||
| 700 |
_96261 _aWilkes _bAngela _f1952- |
||
| 801 |
_aPT _bBMMN _gRPC |
||
| 830 | _cAna Caetano | ||
| 990 | _cLIVROS | ||